| 000 | 00533nam a2200193Ia 4500 | ||
|---|---|---|---|
| 005 | 20250508165459.0 | ||
| 008 | 008 250505s9999 xx 000 0 eng d | ||
| 037 | _aTextual | ||
| 040 |
_aFEDL _beng _cFEDL |
||
| 041 |
_aeng _2eng |
||
| 084 |
_a305.8, PAW _qFEDL |
||
| 100 | _aPawar Urmila | ||
| 245 | 0 | _aWeave of my liffe: A dalit woman's memories | |
| 260 |
_aKolkata, India _bStree _c2015 |
||
| 300 | _axxxiii, 348p. | ||
| 365 |
_aPrice varies _b450 |
||
| 942 |
_cTEXL _h305.8, PAW |
||
| 999 |
_c1395346 _d1395346 |
||